000 00238nam a2200097Ia 4500
008 190902s9999||||xx |||||||||||||| ||und||
100 _aDianna B. Crowe
245 0 _aHow To Talk Money
260 _aIndia
_bThe McGraw-Hill
_c1984
942 _cBK
999 _c2708
_d2708